Cargando...

Samskrithathile sahithya thathwachintha /

Detalles Bibliográficos
Autor Principal: Krishna Chaithannya
Formato: Printed Book
Idioma:Malayalam
Publicado: Krishna Chaithannya , 1973.
LEADER 00511nam a2200145Ia 4500
008 150624b xxu||||| |||| 00| | mal d
082 |a 891.20209 
100 |a Krishna Chaithannya 
245 |c Krishna Chaithannya  |a Samskrithathile sahithya thathwachintha / 
260 |b Krishna Chaithannya ,  |c 1973. 
300 |a 298 p. 
546 |a In Malayalam. 
942 |c BK 
999 |c 75142  |d 75142 
952 |0 1  |1 0  |4 1  |6 891_202090000000000_KRI_S_M  |7 0  |9 75086  |a UL  |b UL  |c ST1  |d 1998-08-28  |l 0  |o 891.20209 KRI/S M  |p 20673  |r 2012-10-27  |w 2012-10-27  |y BK